| 000 | 00583nam a2200205 a 4500 | ||
|---|---|---|---|
| 001 | BRCA_3665 | ||
| 005 | 20190320204356.0 | ||
| 008 | 020909s2006----mx-a---###---#000-0#spa-# | ||
| 041 | _aspa | ||
| 044 | _amx | ||
| 050 | 4 |
_aF1226 _b.M49 2006 |
|
| 245 | 1 | 0 |
_aMéxico _bvalor de origen : el norte. |
| 260 |
_aMéxico _bBanco Santander _c2006 |
||
| 300 |
_a327 p. _bil. a color _c32 cm. |
||
| 504 | _aBibliografía : p. 326-327 | ||
| 650 | 1 | 4 |
_aRecursos naturales _zMéxico _99514 |
| 651 | 4 |
_aMéxico _xHistoria _9614 |
|
| 651 | 4 |
_aMéxico _xVida social y costumbres _9769 |
|
| 942 |
_2lcc _cB |
||
| 999 |
_c3397 _d3397 |
||